000 00765nam a2200205Ii 4500
003 JO-AjNU
008 230605s9999||||xx |||||||||||||| ||und||
040 _aJO-AjNU
_bara
_erda
_cJO-AjNU
041 _aara
050 1 4 _aBP173.4.J3922 1987
100 3 _aالجزائري، أبو بكر جابر,
_eauthor
_918138
245 0 0 _aالمرأة المسلمة: العقائد- العبادات- المعاملات- الآداب والأخلاق
250 _aط3
264 3 1 _aبيروت- القاهرة: دار الكتب العلمية ، دار الكتب السلفية ، 1987
300 _a119ص
336 _atext
_btxt
_2rdacontent
337 _aunmediated
_bn
_2rdamedia
338 _avolume
_bnc
_2rdacarrier
650 4 _aالمرأة المسلمة
_918139
999 _aA5744
_c9312
_d9312